Statistics for Countries Closest to Somalia

Click here to take the quiz!

General Stats

  • This quiz has been taken 84 times
  • The average score is 8 of 11

Answer Stats

Hint Answer % Correct
0Ethiopia
99%
0Kenya
96%
817Eritrea
93%
0Djibouti
87%
1212Sudan
86%
688Yemen
81%
1113Tanzania
81%
933Uganda
69%
933Seychelles
41%
0Somaliland
39%
1186Comoros
30%

Score Distribution

Percentile by Number Answered

Percent of People with Each Score

Your Score History

You have not taken this quiz